[Event "EICC 2019"]
[Site "Skopia"]
[Date "2019.03.22"]
[Round "5.47"]
[White "Movsesian, Sergei"]
[Black "Diermair, Andreas"]
[Result "1-0"]
[WhiteElo "2627"]
[BlackElo "2478"]
[Annotator "TA"]
[PlyCount "107"]
[EventDate "2019.03.18"]
[EventType "swiss"]
[EventCountry "MKD"]
[SourceTitle "playchess.com"]
[Source "ChessBase"]
[SourceQuality "1"]

{[%evp 20,107,33,25,42,0,14,16,23,29,30,27,35,24,20,24,44,34,41,33,37,27,53,54,96,45,44,30,31,38,40,54,38,51,144,144,133,145,142,133,120,116,104,110,88,72,106,101,86,87,102,79,77,57,140,140,137,137,195,194,384,238,238,238,208,0,452,452,450,456,431,431,796,785,708,304,536,534,535,535,525,514,488,488,1181,1187,1181,1174,1128,1127]} 1. e4 e5 2. Nf3 Nc6 3. Bb5 a6 4. Ba4 Nf6 5. O-O Be7 6. d3 {[%cal Bd2d3,Bd3d4,Bd4d5][%mdl 32]} d6 7. c3 O-O 8. Re1 Re8 9. h3 {C84: Closed Ruy Lopez: Unusual White 6th moves} b5 (9... Bf8 10. c4 Bd7 11. Be3 Nb8 12. Nc3 Bxa4 13. Qxa4 Nbd7 14. a3 Nc5 15. Qc2 c6 16. Rad1 Qc7 {1-0 (45) Grandelius,N (2694)-Naiditsch,A (2710) Astana 2019}) 10. Bc2 h6 11. d4 {LiveBook: 3 Games. White is slightly better.} Bb7 12. d5 Nb8 13. b3 Nbd7 14. c4 $146 ({Predecessor:} 14. Nbd2 c6 15. c4 Rc8 16. Nf1 Bf8 17. Ne3 g6 18. Nd2 Bg7 {1-0 (43) Ivanova,D (2101)-Tonel,G (1905) Herceg Novi 2006}) 14... c6 15. Nc3 Qc7 16. Bd2 Rec8 {Black wants to play ...cxd5.} 17. Rc1 bxc4 18. bxc4 a5 19. Nh4 Bf8 20. Nf5 Nb6 21. Bd3 Ba6 22. Qf3 (22. dxc6 $16 {Black must now prevent Nd5.} Bxc4 23. Bxc4 Nxc4 24. Nd5 Nxd5 25. exd5 Nxd2 26. Qxd2) 22... Qd8 $1 $14 23. dxc6 {[#] Threatens to win with Nd5.} Bxc4 24. Nd5 Bxd5 25. exd5 Nbxd5 26. Bc4 $36 {[%mdl 2048] White is more active.} Nf4 (26... Ne7 $1 $14) 27. Bxf4 $16 exf4 28. Qxf4 d5 29. Bd3 Ra7 30. Nd4 Bd6 31. Qf3 Re7 32. Red1 Be5 33. Bf5 Ra8 34. Nb5 Qb6 35. a4 Rae8 36. Re1 Bc7 ({Don't blunder} 36... Bh2+ $2 37. Kxh2 Rxe1 38. Rxe1 $18) (36... g6 $14) 37. Rxe7 Rxe7 38. g3 Ne4 (38... Qb8 $16 39. Nxc7 Qxc7) 39. Kg2 Bd8 $2 (39... Bb8 {keeps fighting.} 40. Qe3 Qd8) 40. Rc2 Bc7 41. Qd3 Nf6 42. Qf3 $2 ({White should play} 42. Nxc7 $18 Rxc7 43. Qc3) 42... Re1 $2 {[%mdl 8192]} (42... Ne4 $1 $11 {and Black is okay.}) 43. Qc3 $18 Re7 44. Nxc7 Qxc7 45. Rb2 {[#] aiming for Rb7.} d4 (45... Ne8 $142 46. Rb7 Qd6 47. Rxe7 Qxe7 48. Qxa5 g6) 46. Qc5 {Rb7 is the strong threat.} Re5 47. Qb6 (47. Qc4 $142 Nd5 48. Rb7) 47... Ne8 $2 (47... Qxb6 48. Rxb6 Rxf5) 48. Qxc7 {White is clearly winning.} Nxc7 {[%mdl 4096] Endgame KRB-KRN} 49. Rb8+ Re8 50. Rb7 Re7 51. Bd7 d3 (51... Nd5 $142 52. c7 Nxc7) 52. Rxc7 d2 53. Rc8+ Kh7 54. Bg4 {Precision: White = 76%, Black = 38%.} 1-0

[Event "EICC 2019"]
[Site "Skopia"]
[Date "2019.03.22"]
[Round "5.48"]
[White "Ruck, Robert"]
[Black "Onischuk, Vladimir"]
[Result "1/2-1/2"]
[WhiteElo "2521"]
[BlackElo "2626"]
[Annotator "TA"]
[PlyCount "97"]
[EventDate "2019.03.18"]
[EventType "swiss"]
[EventCountry "MKD"]
[SourceTitle "playchess.com"]
[Source "ChessBase"]
[SourceQuality "1"]

{[%evp 24,97,33,9,49,4,10,8,33,1,13,21,2,5,25,23,20,19,43,40,44,29,56,33,59,59,48,0,0,-77,-70,-78,-72,-77,-77,-71,-12,-18,-10,-58,-44,-54,-57,-62,-61,-45,-52,-48,-46,-34,-6,-9,-8,-4,0,0,0,0,0,0,0,0,0,0,0,0,0,0,0,0,0,0,0,0,0,0]} 1. Nf3 g6 2. e4 d6 3. d4 Nf6 4. Nc3 Bg7 5. Be2 O-O 6. O-O c6 7. Bf4 Nbd7 8. Qd2 Qc7 9. e5 {B08: Pirc Defence: Classical System} Nh5 10. Bg5 (10. exd6 exd6 11. Bh6 d5 12. Bxg7 {½-½ (12) Alekseev,E (2653)-Svidler,P (2734) Sochi 2015}) 10... dxe5 11. Bxe7 Re8 12. d5 Nf4 13. d6 {[#] LiveBook: 3 Games} Qa5 $146 ({Predecessor:} 13... Nxe2+ 14. Qxe2 Qb6 15. Ng5 Nc5 16. Rad1 Bd7 {1-0 (40) Malakhov,V (2540)-Badea,B (2525) Porto San Giorgio 1997}) 14. Bc4 Nb6 $1 {[%cal Rb6c4]} 15. Bb3 Nbd5 (15... c5 {with more complications.} 16. Ne4 Qb5 17. Nf6+ Bxf6 18. Bxf6 c4) 16. Nxd5 (16. Rfd1 {seems wilder.} Nxe7 17. Ng5 Be6 18. Bxe6 fxe6 19. dxe7 Nd5 20. Nce4) 16... Qxd2 17. Nxd2 Nxd5 18. Bh4 h6 19. Rfe1 g5 20. Bg3 Bd7 21. Rad1 b6 22. f3 Rad8 23. h4 g4 24. Nc4 {[%cal Rc4e5]} Nf4 25. Bxf4 exf4 26. Rxe8+ (26. Re7 $11 {remains equal.} Bf6 27. Ne5 Bxe7 28. dxe7 Rxe7 29. Nxc6 Bxc6 30. Rxd8+ Kg7 31. fxg4) 26... Rxe8 $17 27. fxg4 b5 28. Na5 Bxb2 29. c4 Ba3 ({Much worse is} 29... Bxg4 $6 30. d7 $11) (29... Bc3 $17 30. Nb7 bxc4 31. Bxc4 Kf8) 30. cxb5 $11 cxb5 {With the idea ...Bc5+.} 31. Bd5 {Threatening Bc6.} Bxd6 {Strongly threatening ...Bc5+.} ({But not} 31... Bxg4 $6 32. Bf3 $16) 32. Bxf7+ $1 Kxf7 33. Rxd6 Bxg4 $15 {[%mdl 4096] Endgame KRB-KRN} 34. Rd4 Re1+ 35. Kh2 Be6 36. Rxf4+ Kg7 37. Nc6 {The position is equal.} a6 38. a4 Bd5 39. Nb4 Be4 (39... Bb3 {is more complex.} 40. Rg4+ Kf7 41. Rf4+ Ke6 42. Nxa6 Ke5) 40. axb5 axb5 41. g4 Bb7 42. Kg3 Re3+ 43. Kf2 Rh3 44. g5 hxg5 45. hxg5 Rb3 46. Ke2 Kg6 47. Nd3 Kxg5 {[#] ...Rxd3! is the strong threat.} 48. Rb4 Rxb4 49. Nxb4 {Accuracy: White = 80%, Black = 49%.} 1/2-1/2

[Event "EICC 2019"]
[Site "Skopia"]
[Date "2019.03.22"]
[Round "5.49"]
[White "Van Foreest, Jorden"]
[Black "Jurcik, Marian"]
[Result "1/2-1/2"]
[WhiteElo "2621"]
[BlackElo "2474"]
[Annotator "TA"]
[PlyCount "53"]
[EventDate "2019.03.18"]
[EventType "swiss"]
[EventCountry "MKD"]
[SourceTitle "playchess.com"]
[Source "ChessBase"]
[SourceQuality "1"]

{[%evp 17,53,10,34,0,37,26,26,2,6,0,22,8,9,14,34,40,31,35,24,19,24,34,32,0,19,16,18,11,16,16,22,18,20,0,0,0,0,0]} 1. e4 c5 2. Nf3 e6 3. c3 Nf6 4. e5 Nd5 5. d4 cxd4 6. cxd4 b6 7. Nc3 Bb7 8. Bd3 Nxc3 9. bxc3 Be7 10. Qe2 {B22: Sicilian: 2 c3} (10. O-O O-O 11. Re1 d6 12. exd6 Qxd6 13. Ne5 Nd7 14. Bf4 Nxe5 15. Bxe5 Qc6 16. Be4 Qxe4 17. Rxe4 Bxe4 18. h4 Bd5 19. h5 {0-1 (41) Wells,P (2419)-Jones,G (2650) Bournemouth 2016}) 10... d5 11. Bf4 $146 ({Predecessor:} 11. Bd2 Nc6 12. h4 h6 13. h5 Na5 14. Nh2 Nc4 15. Qg4 Kf8 16. f4 Ba6 17. Bxc4 Bxc4 {½-½ (48) Chen,Q (1925)-Jia,H (2424) Zhongshan 2014}) 11... Qc8 12. O-O {White has an edge.} Ba6 13. c4 {And now cxd5 would win.} Bxc4 14. Rfc1 $1 {[%cal Rd3c4]} O-O 15. Bxc4 dxc4 16. Rxc4 Qb7 17. Bg5 Na6 18. Rac1 h6 19. Bxe7 Qxe7 20. Nd2 Nb4 {The position is equal.} 21. Ne4 Nd5 22. g3 b5 23. Rc5 b4 24. Qa6 Rab8 25. Nd6 Qg5 26. Qd3 a5 27. h4 {Accuracy: White = 56%, Black = 53%.} 1/2-1/2

[Event "EICC 2019"]
[Site "Skopia"]
[Date "2019.03.22"]
[Round "5.50"]
[White "Studer, Noel"]
[Black "Indjic, Aleksandar"]
[Result "1-0"]
[WhiteElo "2479"]
[BlackElo "2620"]
[Annotator "TA"]
[PlyCount "57"]
[EventDate "2019.03.18"]
[EventType "swiss"]
[EventCountry "MKD"]
[SourceTitle "playchess.com"]
[Source "ChessBase"]
[SourceQuality "1"]

{[%evp 15,57,31,54,39,75,66,67,64,118,113,131,83,77,64,85,79,86,91,84,86,89,77,125,121,127,125,124,121,142,116,123,116,185,185,172,139,186,183,333,315,437,429,418,401]} 1. d4 Nf6 2. c4 e6 3. Nf3 d6 4. d5 exd5 5. Nc3 g6 6. cxd5 a6 7. Bf4 c5 8. e4 Bg4 9. Be2 {A70: Modern Benoni: 6 e4 g6 7 Nf3} (9. Qa4+ Nbd7 10. Nd2 b5 11. Qc2 Nh5 12. Be3 Nb6 13. h3 Bd7 14. g4 Nf6 15. Bf4 Qe7 16. Be2 Bg7 {1-0 (40) Yilmaz,M (2630)-Perunovic,M (2593) Valjevo 2018}) 9... Bxf3 10. Bxf3 Nbd7 11. O-O {White is slightly better.} Qe7 ({Black should try} 11... Ne5 $14) 12. Qa4 $16 {aiming for Nb5!} Bg7 $146 ({Predecessor:} 12... O-O-O 13. b4 Bg7 14. b5 Nb6 15. Qa5 Nc4 16. Qa4 Nb6 17. Qa5 Nc4 18. Qa4 {½-½ (18) Phillips,R (2248)-Karttunen,M (2440) Khanty-Mansiysk 2010}) 13. e5 dxe5 14. d6 $1 {[%cal Rd6e7]} Qd8 15. Bxe5 O-O 16. Bg3 $1 $36 {[%mdl 2048] White is in control.} b5 17. Qf4 Rb8 18. Rfe1 b4 19. Nd5 Nxd5 20. Bxd5 Bxb2 21. Rad1 Qf6 22. Bc6 {[%mdl 1024] White has strong compensation.} Rbd8 23. Re7 Nb8 (23... Nb6 $16 24. Qxf6 Bxf6) 24. Ba4 $1 $18 Nc6 25. Rde1 ({Inferior is} 25. Bxc6 Qxe7 26. Qc4 Qg5 $15) 25... Qxf4 26. Bxf4 Nd4 (26... g5 {might work better.}) 27. d7 Nb5 {[#]} 28. Bxb5 $1 axb5 {[#]} 29. Bd6 $1 {Accuracy: White = 100%, Black = 42%.} 1-0

[Event "EICC 2019"]
[Site "Skopia"]
[Date "2019.03.24"]
[Round "6.1"]
[White "Rodshtein, Maxim"]
[Black "Alekseenko, Kirill"]
[Result "1-0"]
[WhiteElo "2673"]
[BlackElo "2644"]
[Annotator "TA"]
[PlyCount "87"]
[EventDate "2019.03.18"]
[EventType "swiss"]
[EventCountry "MKD"]
[SourceTitle "playchess.com"]
[Source "ChessBase"]
[SourceQuality "1"]

{[%evp 15,87,24,22,11,22,20,35,27,66,37,65,-6,-4,0,10,22,16,28,84,21,51,56,82,81,99,102,106,115,100,81,123,92,146,147,160,156,161,156,152,122,127,132,128,109,141,112,112,115,192,87,99,90,283,283,281,264,263,186,189,184,210,194,349,349,333,335,383,390,373,381,488,352,1086,1086]} 1. d4 Nf6 2. c4 g6 3. g3 c6 4. Bg2 d5 5. Qa4 (5. cxd5 cxd5 6. Nf3 Bg7 7. Ne5 O-O 8. Nc3 Bf5 9. O-O Ne4 10. Bf4 Nxc3 11. bxc3 Nc6 12. Nxc6 bxc6 13. Qa4 Qd7 14. Rac1 Rac8 15. Rfd1 Rfd8 16. c4 Be4 17. f3 Bf5 18. cxd5 cxd5 19. Qxd7 Bxd7 20. Bc7 Re8 21. e3 Bb5 22. Bf1 a6 {½-½ (22) Leko,P (2679)-Mamedyarov,S (2817) Germany 2019}) 5... Bg7 6. cxd5 {D71: Fianchetto Grünfeld: 3 g3 d5 sidelines and 5 cxd5 (without Nf3)} O-O 7. dxc6 Nxc6 8. Nf3 Nd5 {LiveBook: 3 Games} 9. O-O Nb6 10. Qa3 Be6 $146 ({Predecessor:} 10... Nxd4 11. Nxd4 Qxd4 12. Nc3 Qf6 {½-½ (48) Stupak,K (2542)-Manik,M (2413) New Delhi 2019}) 11. e3 a5 12. Bd2 Bd5 13. b3 ({White should play} 13. Bc3 $1 $14) 13... a4 $11 14. Qb2 axb3 15. axb3 Rxa1 16. Qxa1 Bxb3 (16... e5 $1 $11 {keeps the balance.}) 17. Bc3 (17. Rc1 $16) 17... Bc4 18. Rc1 Nd5 19. Be1 Bd3 20. Qa3 Bf5 21. Nbd2 {[%cal Bb1d2,Bd2b3,Bb3c5][%mdl 32]} Nf6 22. Nb3 Qb6 23. Nc5 Re8 (23... Rc8 $142) 24. Nd2 $16 {[%cal Bf3d2,Bd2c4,Bc4b6,Bb6a4][%mdl 32]} Bc8 25. Nc4 Qc7 26. Qb2 Nd7 {White must now prevent ...Nxc5.} 27. Nxd7 Bxd7 28. Nb6 Bf5 29. Qb5 Qd8 30. Na4 Bd7 {[#] And now ...Nxd4 would win.} 31. Qb3 $1 e5 (31... Na5 $16 {was called for.} 32. Qb6 Bxa4 33. Qxd8 (33. Bxa5 Qxb6 34. Bxb6 e5 $16) (33. Qxa5 Qxa5 34. Bxa5 e5 $16) 33... Rxd8) 32. d5 (32. Qxb7 $18 {Nb6 is the strong threat.} Nxd4 33. exd4 Bxa4 34. Bd5) 32... Na5 33. Qa2 $36 {[%mdl 2048] Black is under strong pressure.} Bb5 $2 (33... Nc4 $16) 34. Rc5 $18 Bxa4 35. Qxa4 b6 36. Bxa5 bxa5 {[#]} 37. d6 $1 {[%cal Rd6d7] Threatens to win with d7.} ({Don't do} 37. Qxa5 $6 Qxa5 38. Rxa5 Bf8 $16) 37... Qb8 38. Rc7 Rd8 $2 (38... Qb1+ {was worth a try.} 39. Bf1 Rf8 40. Qxa5 Qd1) 39. Qa2 Rf8 40. Bd5 Qb6 41. Bxf7+ Kh8 42. Qd5 Rd8 ({But not} 42... Qb1+ 43. Kg2 $18) 43. Be6 h5 $2 (43... Rf8 44. Rb7 Qa6) 44. Qe4 {Accuracy: White = 69%, Black = 25%.} 1-0

[Event "EICC 2019"]
[Site "Skopia"]
[Date "2019.03.24"]
[Round "6.2"]
[White "Piorun, Kacper"]
[Black "Berkes, Ferenc"]
[Result "1-0"]
[WhiteElo "2631"]
[BlackElo "2666"]
[Annotator "TA"]
[PlyCount "123"]
[EventDate "2019.03.18"]
[EventType "swiss"]
[EventCountry "MKD"]
[SourceTitle "playchess.com"]
[Source "ChessBase"]
[SourceQuality "1"]

{[%evp 14,123,38,24,24,22,31,29,32,21,32,15,18,0,10,0,22,23,22,27,14,12,49,22,43,23,64,60,61,58,64,31,30,39,97,93,98,107,85,56,56,56,56,56,56,56,56,56,56,56,56,56,77,56,101,74,69,75,74,74,67,71,70,80,78,43,45,45,47,48,46,37,81,54,59,38,45,33,41,27,101,35,35,44,45,42,173,42,43,45,78,48,107,93,122,129,143,131,434,413,877,776,1962,1845,1872,1774,4756,3509,29979,29980,29974,6093]} 1. e4 Nf6 2. e5 Nd5 3. d4 d6 4. Nf3 dxe5 (4... Bg4 5. Be2 e6 6. O-O Be7 7. h3 Bh5 8. c4 Nb6 9. Nc3 O-O 10. Be3 d5 11. g4 Bg6 12. c5 Nc4 13. Bxc4 dxc4 14. Qa4 b6 15. cxb6 cxb6 16. Qxc4 Qd7 17. d5 Rc8 18. Qe2 exd5 {1-0 (31) Anand,V (2773)-Maghsoodloo,P (2688) St Petersburg 2018}) 5. c4 Nf6 6. Nxe5 {B04: Alekhine's Defence: 4 Nf3} Nbd7 7. Nf3 e6 8. Nc3 {LiveBook: 22 Games. White is slightly better.} b6 9. Be2 Bb7 10. O-O Be7 11. Bf4 O-O 12. Qd3 $146 ({Predecessor:} 12. Qb3) 12... Nh5 13. Bc1 Nhf6 14. Bf4 Nh5 15. Be3 Nhf6 16. Rad1 c5 17. Ne5 Rc8 18. f4 a6 19. dxc5 Bxc5 20. Bxc5 Nxc5 {[%cal Bd7c5,Bc5e4,Be4c3][%mdl 32]} 21. Qe3 Qc7 22. Rd4 (22. b4 $5 {[%cal Rb4c5]} Ncd7 23. Rd4 $14) 22... Rfd8 23. Rfd1 h6 (23... Rxd4 $14 24. Rxd4 Ncd7) 24. b4 $16 Rxd4 25. Qxd4 Nce4 26. Na4 b5 $1 {[%cal Rb5a4]} 27. Nb6 $1 {[%cal Rb6c8]} Nc3 $1 {[%cal Rc3e2]} 28. Qxc3 Qxb6+ 29. c5 Qc7 30. Qd4 Bd5 31. a3 Ra8 32. Bd3 Qb7 33. Rd2 Kf8 34. f5 Qc7 35. fxe6 Bxe6 36. Be2 Re8 37. Bf3 Bf5 38. Re2 Be4 39. Nd7+ ({Of course not} 39. Rxe4 Nxe4 40. Nd7+ Ke7 $15) 39... Nxd7 40. Rxe4 Ne5 41. Bh5 Re6 42. Qd5 Ke7 43. g3 g6 44. Be2 Kf6 45. Bd1 h5 46. Bb3 {aiming for Rf4+.} Nf3+ (46... Re8 $11 {keeps the balance.}) 47. Kg2 ({White should try} 47. Kf2 $16 Rxe4 48. Qxe4) 47... Rxe4 $14 48. Qxe4 Ne5 $1 49. Bd5 Qe7 ({Better is} 49... Kg7 $14) 50. Qd4 (50. Qh4+ $18 g5 51. Qxh5) 50... Qc7 51. Kf2 Ke7 52. h3 f6 (52... Kf8 $14) 53. Be4 h4 54. gxh4 Nc4 {intending ...Qf4+.} 55. Bg2 Qe5 $2 {[%mdl 8192] [#]} (55... Qc8 $16 {is a better chance.} 56. a4 Qf5+ 57. Kg3 Qb1) 56. Qxe5+ $18 fxe5 {[%mdl 4096] Endgame KB-KN} (56... Nxe5 $142 57. Bd5 Kd7) 57. Be4 a5 58. bxa5 Nxa5 59. Bxg6 Nc4 60. c6 {[%cal Bc5c6,Bc6c7][%mdl 32]} Nxa3 61. c7 Kd7 62. h5 {Accuracy: White = 50%, Black = 46%.} 1-0

[Event "EICC 2019"]
[Site "Skopia"]
[Date "2019.03.24"]
[Round "6.3"]
[White "Artemiev, Vladislav"]
[Black "Paravyan, David"]
[Result "1-0"]
[WhiteElo "2736"]
[BlackElo "2627"]
[Annotator "TA"]
[PlyCount "143"]
[EventDate "2019.03.18"]
[EventType "swiss"]
[EventCountry "MKD"]
[SourceTitle "playchess.com"]
[Source "ChessBase"]
[SourceQuality "1"]

{[%evp 9,143,17,12,15,15,0,19,14,29,8,14,12,24,12,33,0,58,58,60,60,62,38,38,12,37,0,0,0,52,0,0,0,0,0,152,126,133,-13,68,0,0,0,0,0,0,0,0,7,15,0,37,0,12,0,50,48,37,10,11,14,62,33,165,181,385,385,354,359,529,525,528,517,420,391,306,290,425,0,1768,1560,6595,5455,5455,5447,5447,5447,2829,3333,6198,9743,11432,11462,11495,11502,11502,11502,11499,11290,11114,11216,10627,10304,10279,10018,29949,29961,29961,29959,29958,29961,29964,29968,29969,29970,29970,29972,29968,29973,29973,29974,29974,29975,29975,29976,29976,29975,29977,29977,29977,29976,29976,29977,29977,29978,29978,29978]} 1. Nf3 Nf6 2. c4 c5 3. Nc3 d5 4. cxd5 Nxd5 5. e3 e6 6. Nxd5 {A17: English Opening: 1...Nf6 with ...Bb4} exd5 7. b4 c4 8. Bb2 {The position is equal.} Bxb4 9. Bxg7 Rg8 10. Be5 Nc6 11. Bg3 c3 $146 ({Predecessor:} 11... Bf5 12. Be2 Be7 13. O-O h5 {½-½ (79) Nepomniachtchi,I (2767)-Harikrishna,P (2766) Wijk aan Zee 2017}) 12. a3 cxd2+ (12... Ba5 $1 $11) 13. Nxd2 $14 Bc3 14. Rc1 d4 15. Bd3 h5 16. O-O h4 17. Ne4 hxg3 18. fxg3 {Black must now prevent Bc4.} Be6 ({Black should try} 18... Rh8 $11) 19. Qh5 ({Much weaker is} 19. Nf6+ Ke7 $11) ({Better is} 19. Rb1 $1 $14 Rb8 20. Nf6+ Ke7 21. Nxg8+ Qxg8 22. Qh5) 19... Qa5 $11 20. Qh4 Qe5 21. Nf6+ Kd8 $2 (21... Kf8 $11 22. Kh1 (22. Nxg8 Kxg8 23. Qh7+ Kf8 $15) 22... dxe3 23. Nh7+ Ke8 24. Nf6+ Kf8 25. Nh7+ Ke8 26. Nf6+ Kf8) 22. Nxg8+ $16 Kc7 23. Nf6 (23. Ne7 $1 $16 {[%cal Re7c6] Strongly threatening Nxc6.} Qxe3+ {[%mdl 64] Double Attack} 24. Kh1) 23... Bd2 (23... Qxe3+ $11 24. Kh1 Qxd3 25. Qf4+ Kb6) 24. Ne4 (24. Rc2 $14 Qxe3+ {[%mdl 64] Double Attack} 25. Rf2 Qxd3 26. Rcxd2 Qxa3 27. h3) 24... Bxe3+ $11 25. Kh1 {White wants to mate with Qe7+.} Bxc1 26. Rxc1 {Qe7+ is the strong threat.} Rh8 27. Qf4 Qxf4 28. gxf4 Bf5 29. Kg1 Bg6 30. h3 a5 31. Rc5 {And now f5 would win.} b6 (31... Bxe4 $5 32. Bxe4 Re8 $11) 32. Rg5 Ne7 33. Kf2 {[#]} (33. Re5 $5 {[%cal Re5e7]} Nc6 34. Rd5 $11) 33... f6 $1 {[%mdl 512]} 34. Rb5 (34. Nxf6 Bxd3) 34... Rd8 35. g4 $1 {Hoping for f5.} Nd5 (35... Bxe4 $1 $14 36. Bxe4 d3) 36. f5 $18 Be8 $2 (36... Bf7) 37. Rxd5 {[%mdl 64] Decoy} Rxd5 38. Nxf6 Re5 (38... Rd8 $142 39. g5 Bf7) 39. Nxe8+ Rxe8 {[%mdl 4096] Endgame KR-KB} 40. g5 Kd6 {[#] next ...Re3 is good for Black.} 41. f6 $1 b5 {[#]} 42. h4 $1 ({Don't go for} 42. Bxb5 $2 Re5 $19) 42... b4 (42... Rb8 {was necessary.} 43. h5 b4) 43. a4 $2 (43. axb4 $18 axb4 44. g6) 43... b3 $2 {[%mdl 8192]} (43... Rb8 $11) 44. g6 Ke6 45. f7 Rb8 46. h5 Kf6 47. h6 b2 48. Kf3 Rd8 49. Kg4 Rc8 50. h7 Rd8 51. Kh5 Kg7 52. Kg5 Rd5+ 53. Kg4 Rd8 54. Kf5 Rc8 55. Ke6 Rb8 56. Ke5 Rd8 57. Bb1 {White mates.} Rb8 58. Kxd4 Rb4+ 59. Kc5 Rh4 60. Kb5 Rh5+ 61. Kc4 Rh3 62. Be4 Kf8 63. Bf5 Rh2 64. Kc3 Kg7 65. Bc2 Rh4 66. Kxb2 Rh3 67. Bf5 Rh5 68. Bd3 Rh4 69. Kc3 Rf4 70. Be4 Rh4 71. Kd4 Rh5 72. Kc4 {Accuracy: White = 68%, Black = 46%.} 1-0

[Event "EICC 2019"]
[Site "Skopia"]
[Date "2019.03.24"]
[Round "6.4"]
[White "Rakhmanov, Aleksandr"]
[Black "Dubov, Daniil"]
[Result "1/2-1/2"]
[WhiteElo "2629"]
[BlackElo "2703"]
[Annotator "TA"]
[PlyCount "80"]
[EventDate "2019.03.18"]
[EventType "swiss"]
[EventCountry "MKD"]
[SourceTitle "playchess.com"]
[Source "ChessBase"]
[SourceQuality "1"]

{[%evp 12,80,0,0,22,18,21,-42,-45,-48,-29,-58,-59,-82,-72,-72,-84,-110,-83,-92,-72,-78,-48,-46,-60,-56,-57,-55,-27,-59,-19,-47,0,0,0,-57,0,-8,0,-8,-14,-6,0,0,0,0,0,0,0,0,0,-106,0,-25,-14,-23,0,-9,0,0,0,0,0,0,0,0,0,0,0,0,0]} 1. Nf3 d5 2. g3 g6 3. Bg2 Bg7 4. d4 Nf6 5. O-O O-O 6. Nbd2 c5 7. dxc5 Nc6 {D02: 1 d4 d5 2 Nf3 sidelines, including 2...Nf6 3 g3 and 2...Nf6 3 Bf4} (7... Qc7 8. Nb3 e5 9. c3 Rd8 10. Bg5 Be6 11. Nfd2 Nbd7 12. e4 Nxc5 13. Bxf6 Bxf6 14. exd5 Bxd5 15. Bxd5 Rxd5 16. Nxc5 Qxc5 {0-1 (46) Banusz,T (2609)-Adhiban,B (2671) Linares 2018}) 8. Nb3 e5 9. h3 ({Better is} 9. Bg5 $11) 9... h6 $15 {[%mdl 1024] Black is slightly better. Black has compensation.} 10. c3 Be6 11. Be3 $146 ({Predecessor:} 11. Nfd2 Qd7 12. Kh2 Rad8 13. e3 Rfe8 14. f4 Bf5 15. Nf3 {0-1 (52) Rupam,M (1837)-Panesar,V (2124) Haryana 2018}) 11... a5 12. Ne1 a4 13. Nd2 a3 {Threatens to win with ...d4.} 14. bxa3 Rxa3 15. Qc1 Qa8 (15... Ra8 {is more complex.} 16. Nc2 Qd7 17. Nf3 Kh7 18. Nb4 Ne4) 16. Nd3 Rxa2 17. Rxa2 Qxa2 18. Qb1 Qa8 19. Qb2 Qc8 20. Kh2 e4 21. Nb4 Ne7 22. Bd4 {[#] c4! is the strong threat.} Nf5 23. Nc2 (23. e3 $11) 23... Re8 24. Rb1 Re7 25. Ne3 Nxd4 26. cxd4 h5 27. h4 Bh6 28. Ndf1 g5 29. hxg5 Bxg5 30. Qb6 Rd7 31. Rc1 (31. Kg1 $11) 31... Rc7 (31... h4 $17 32. Ra1 Kg7) 32. Ra1 h4 33. Ra7 Kg7 34. Kg1 {The position is equal.} Rd7 (34... h3 $5 35. Bh1 $8 Qb8 $11) 35. gxh4 Bxh4 36. Ng3 {[#] Hoping for Nef5+.} Kg6 37. Nef1 Kg7 38. Ne3 {Strongly threatening Nef5+.} Bxg3 39. fxg3 Nh5 40. Nf1 Bg4 {Accuracy: White = 48%, Black = 54%.} 1/2-1/2

[Event "EICC 2019"]
[Site "Skopia"]
[Date "2019.03.24"]
[Round "6.5"]
[White "Kovalev, Vladislav"]
[Black "Chigaev, Maksim"]
[Result "1/2-1/2"]
[WhiteElo "2703"]
[BlackElo "2613"]
[Annotator "TA"]
[PlyCount "37"]
[EventDate "2019.03.18"]
[EventType "swiss"]
[EventCountry "MKD"]
[SourceTitle "playchess.com"]
[Source "ChessBase"]
[SourceQuality "1"]

{[%evp 20,37,18,2,19,6,13,13,0,6,35,8,14,0,12,7,31,-7,-5,-60]} 1. e4 e5 2. Nf3 Nc6 3. Bb5 a6 4. Ba4 Nf6 5. O-O Be7 6. d3 d6 7. c3 O-O 8. Re1 Re8 9. Nbd2 {[%cal Bb1d2,Bd2f1,Bf1g3,Bg3e4][%mdl 32]} Bf8 10. Nf1 h6 11. Ng3 b5 {C77: Ruy Lopez: 3...a6 4 Ba4 Nf6, unusual lines} 12. Bc2 (12. Bb3 Be6 13. Bxe6 Rxe6 14. a4 b4 15. d4 d5 16. dxe5 Nxe4 17. c4 Nxe5 18. cxd5 Nxf2 19. Kxf2 Ng4+ 20. Kf1 Rxe1+ 21. Qxe1 Qxd5 22. Qe4 Qd1+ 23. Qe1 Qd5 24. Qe4 Qd1+ 25. Qe1 {½-½ (25) Vachier Lagrave,M (2780)-Naiditsch,A (2721) Douglas 2018}) 12... d5 13. exd5 Qxd5 14. a4 {[#] And now Bb3 would win.} Bb7 $146 ({Predecessor:} 14... b4 15. Be3 Bb7 16. a5 Rad8 17. Ne4 Qe6 18. Bb3 Nd5 19. Bd2 {0-1 (67) Shomoev,A (2550)-Alekseev,E (2610) Sochi 2017}) 15. Bd2 b4 16. Ne4 Qd8 17. Qe2 a5 18. Nxf6+ Qxf6 19. Be3 ({White should try} 19. Qe3 $11) 1/2-1/2